Նիկոդիմ Դիզմայի կարիերան : (Record no. 12048)
[ view plain ]
| 000 -LEADER | |
|---|---|
| fixed length control field | 01118nam a2200241 a 4500 |
| 001 - CONTROL NUMBER | |
| control field | 000027717 |
| 003 - CONTROL NUMBER IDENTIFIER | |
| control field | AM-YEHGA |
| 005 - DATE AND TIME OF LATEST TRANSACTION | |
| control field | 20250618070914.0 |
| 008 - FIXED-LENGTH DATA ELEMENTS--GENERAL INFORMATION | |
| fixed length control field | 990310s1970 ai |||||||||||||||1|rus|d |
| 040 ## - CATALOGING SOURCE | |
| Original cataloging agency | AM-YeHGA |
| 041 1# - LANGUAGE CODE | |
| Language code of text/sound track or separate title | arm |
| Language code of original | rus |
| 090 ## - LOCALLY ASSIGNED LC-TYPE CALL NUMBER (OCLC); LOCAL CALL NUMBER (RLIN) | |
| -- | 12143 |
| 100 1# - MAIN ENTRY--PERSONAL NAME | |
| Personal name | Դոլենգա-Մոստովիչ, Թադեուշ |
| 245 10 - TITLE STATEMENT | |
| Title | Նիկոդիմ Դիզմայի կարիերան : |
| Remainder of title | [Երգիծական վեպ] / |
| Statement of responsibility, etc. | Թ. Դոլենգա-Մոստովիչ ; Թարգմ.՝ Օ. Սանահյան ; Խմբ.՝ Վ. Բաբայան ; Վերջաբ.՝ Դ. Գալպեր Ինա ; Նկ.՝ Գ. Յարալյան. |
| 260 ## - PUBLICATION, DISTRIBUTION, ETC. | |
| Place of publication, distribution, etc. | Երևան : |
| Name of publisher, distributor, etc. | Հայաստան, |
| Date of publication, distribution, etc. | 1970. |
| 300 ## - PHYSICAL DESCRIPTION | |
| Extent | 394 էջ ; |
| Dimensions | 21 սմ. |
| 650 14 - SUBJECT ADDED ENTRY--TOPICAL TERM | |
| Topical term or geographic name entry element | Լեհական գրականություն |
| General subdivision | Վեպ |
| 700 1# - ADDED ENTRY--PERSONAL NAME | |
| Personal name | Սանահյան, Օլգա Հարությունի, |
| Dates associated with a name | 1920-2013 |
| Relator term | թարգմ. |
| Relationship | trl |
| 9 (RLIN) | 2345 |
| 700 1# - ADDED ENTRY--PERSONAL NAME | |
| Personal name | Բաբայան, Վարդգես Հակոբի, |
| Dates associated with a name | 1925-2005 |
| Relator term | խմբ. |
| Relationship | edt |
| 9 (RLIN) | 1703 |
| 700 1# - ADDED ENTRY--PERSONAL NAME | |
| Personal name | Գալպեր Ինա, Դ. |
| Relator term | վերջաբ. |
| Relationship | aft |
| 700 1# - ADDED ENTRY--PERSONAL NAME | |
| Personal name | Յարալյան, Գեորգի Յակովի, |
| Dates associated with a name | 1927-2011 |
| Relator term | նկ. |
| Relationship | art |
| 9 (RLIN) | 1388 |
| 942 ## - ADDED ENTRY ELEMENTS (KOHA) | |
| Source of classification or shelving scheme | Universal Decimal Classification |
| Koha item type | Գրքեր / Books |
| Withdrawn status | Lost status | Damaged status | Not for loan | Collection | Home library | Current library | Date acquired | Total checkouts | Full call number | Barcode | Date last seen | Price effective from | Koha item type | Public note |
|---|---|---|---|---|---|---|---|---|---|---|---|---|---|---|
| General | Fundamental Scientific Library | Fundamental Scientific Library | 21/12/2016 | AII/46691 | 220046691 | 21/12/2016 | 21/12/2016 | Գրքեր / Books | 30 Days Loan | |||||
| General | Fundamental Scientific Library | Fundamental Scientific Library | 21/12/2016 | AII/46692 | 220046692 | 21/12/2016 | 21/12/2016 | Գրքեր / Books | 30 Days Loan | |||||
| General | Fundamental Scientific Library | Fundamental Scientific Library | 21/12/2016 | AII/46693 | 220046693 | 21/12/2016 | 21/12/2016 | Գրքեր / Books | 30 Days Loan | |||||
| General | Fundamental Scientific Library | Fundamental Scientific Library | 21/12/2016 | AII/46694 | 220046694 | 21/12/2016 | 21/12/2016 | Գրքեր / Books | 30 Days Loan | |||||
| General | Fundamental Scientific Library | Fundamental Scientific Library | 21/12/2016 | AII/46967 | 220046967 | 21/12/2016 | 21/12/2016 | Գրքեր / Books | 30 Days Loan | |||||
| General | Fundamental Scientific Library | Fundamental Scientific Library | 21/12/2016 | AII/46968 | 220046968 | 21/12/2016 | 21/12/2016 | Գրքեր / Books | 30 Days Loan | |||||
| General | Fundamental Scientific Library | Fundamental Scientific Library | 21/12/2016 | AII/46969 | 220046969 | 21/12/2016 | 21/12/2016 | Գրքեր / Books | 30 Days Loan | |||||
| General | Fundamental Scientific Library | Fundamental Scientific Library | 21/12/2016 | AII/46970 | 220046970 | 21/12/2016 | 21/12/2016 | Գրքեր / Books | 30 Days Loan |
ՀՀ Գիտությունների ազգային ակադեմիայի հիմնարար գիտական գրադարան = Fundamental Scientific Library of NAS RA
All site content, except where otherwise noted, is licensed under a